书目信息 |
| 题名: |
聚羧酸系高性能减水剂研究与工程应用
|
|
| 作者: | 郭延辉 , 郭京育 主编 | |
| 分册: | ||
| 出版信息: | 北京 中国铁道出版社 2007.06 |
|
| 页数: | 441页 | |
| 开本: | 26cm | |
| 丛书名: | ||
| 单 册: | ||
| 中图分类: | TU528.042 | |
| 科图分类: | ||
| 主题词: | 混凝土--hun ning tu--减水剂--文集 | |
| 电子资源: | ||
| ISBN: | 978-7-113-07986-4 | |
| 000 | 01159nam0 2200253 450 | |
| 001 | 012008942824 | |
| 005 | 20191018162312.37 | |
| 010 | @a978-7-113-07986-4@dCNY60.00 | |
| 100 | @a20080423d2007 em y0chiy0120 ea | |
| 101 | 0 | @achi |
| 102 | @aCN@b110000 | |
| 105 | @aa a 000yy | |
| 200 | 1 | @a聚羧酸系高性能减水剂研究与工程应用@Aju suo suan xi gao xing neng jian shui ji yan jiu yu gong cheng ying yong@f郭延辉, 郭京育主编@Fguo yan hui,guo jing yu zhu bian |
| 210 | @a北京@c中国铁道出版社@d2007.06 | |
| 215 | @a441页@c图@d26cm | |
| 312 | @a英文并列题名取自封面 | |
| 330 | @a本书汇集了全国聚羧酸系高性能减水剂及其应用技术方面的优秀论文近80篇,内容包括:我国聚羧酸系高性能减水剂的发展现状、发展趋势及应用前景;产品研发及性能试验研究;近两年来聚羧酸系高性能减水剂在我国众多大型工程、重点工程、特殊工程中的应用实例等。 | |
| 510 | 1 | @aResearch and engineering of polycarboxylates high performance water-reducing admixture@zeng |
| 606 | 0 | @a混凝土@Ahun ning tu@x减水剂@j文集 |
| 690 | @aTU528.042@v4 | |
| 701 | 0 | @a郭延辉@Aguo yan hui@4主编 |
| 701 | 0 | @a郭京育@Aguo jing yu@4主编 |
| 801 | 0 | @aCN@bQSSK@c20080424 |
| 905 | @b296881-83@dTU528.042@eG862@f3 | |
| 聚羧酸系高性能减水剂研究与工程应用/郭延辉, 郭京育主编.-北京:中国铁道出版社,2007.06 |
| 441页:图;26cm |
| ISBN 978-7-113-07986-4:CNY60.00 |
| 本书汇集了全国聚羧酸系高性能减水剂及其应用技术方面的优秀论文近80篇,内容包括:我国聚羧酸系高性能减水剂的发展现状、发展趋势及应用前景;产品研发及性能试验研究;近两年来聚羧酸系高性能减水剂在我国众多大型工程、重点工程、特殊工程中的应用实例等。 |
| ● |
| 相关链接 |
|
|
|
正题名:聚羧酸系高性能减水剂研究与工程应用
索取号:TU528.042/G862
 
预约/预借
| 序号 | 登录号 | 条形码 | 馆藏地/架位号 | 状态 | 备注 |
| 1 | 1239830 | 212398305 | 材料与化工学院资料室/ [索取号:TU528.042/G862] | 在馆 | |
| 2 | 296881 | 202968814 | 建筑库201/201建筑库 8排1列1层/ [索取号:TU528.042/G862] | 在馆 | |
| 3 | 296882 | 202968823 | 建筑库201/201建筑库 8排1列1层/ [索取号:TU528.042/G862] | 在馆 | |
| 4 | 296883 | 202968832 | 建筑库201/201建筑库 8排1列1层/ [索取号:TU528.042/G862] | 在馆 |